Catalog

Record Details

Catalog Search



Latina/o Hope Cover Image E-book E-book

Latina/o Hope [electronic resource] / by Lourdes Diaz Soto.

Record details

  • ISBN: 9789400705043
  • Physical Description: XI, 113p. digital.
  • Publisher: Dordrecht : Springer Netherlands, 2011.
Subject: Education.
Education.
Sociology of Education.
International and Comparative Education.

Electronic resources


LDR 01137nam a22003375i 4500
0016289
003CONS
00520121026163851.0
007cr nn 008mamaa
008110322s2011 ne | s |||| 0|eng d
020 . ‡a9789400705043 ‡9978-94-007-0504-3
0247 . ‡a10.1007/978-94-007-0504-3 ‡2doi
035 . ‡a(DE-He213)978-94-007-0504-3
050 4. ‡aLC189-214.53
072 7. ‡aJN ‡2bicssc
072 7. ‡aJHB ‡2bicssc
072 7. ‡aEDU040000 ‡2bisacsh
1001 . ‡aDiaz Soto, Lourdes.
24510. ‡aLatina/o Hope ‡h[electronic resource] / ‡cby Lourdes Diaz Soto.
260 . ‡aDordrecht : ‡bSpringer Netherlands, ‡c2011.
300 . ‡aXI, 113p. ‡bdigital.
4900 . ‡aExplorations of Educational Purpose ; ‡v14
650 0. ‡aEducation.
65014. ‡aEducation.
65024. ‡aSociology of Education.
65024. ‡aInternational and Comparative Education.
7102 . ‡aSpringerLink (Online service)
7730 . ‡tSpringer eBooks
77608. ‡iPrinted edition: ‡z9789400705036
830 0. ‡aExplorations of Educational Purpose ; ‡v14
85640. ‡uhttp://dx.doi.org/10.1007/978-94-007-0504-3 ‡9CONS
950 . ‡aHumanities, Social Sciences and Law (Springer-11648)
901 . ‡a6289 ‡b ‡c6289 ‡tbiblio ‡sSystem Local

Additional Resources